Science Quiz

Random Science or Physics Quiz
Score 0/20 Timer 05:00
3 Plays Today
% Correct
Albert Einstein
96.9%
Tyrannosaurus
96.9%
Mammoth
89.6%
Dodo
88.4%
Sir Isaac Newton
86.8%
Floppy Disk
85.1%
Mathematics
84.8%
Marie Curie
82.4%
Chemistry
81%
Silver
80.4%
% Correct
Biology
78.9%
USB Flash Drive
77.9%
Physics
77.6%
Printed Circuit Board
70.5%
Mouse
69.4%
Nikola Tesla
65.1%
Beryllium
63.3%
Mercury
62.4%
Erbium
33.8%
Quagga
12.5%

You're not logged in!

Compare scores with friends on all Sporcle quizzes.
OR
Log In
Forgot?

From the Vault

Pop Culture Pop Quiz (1980s)

by Hejman

We think this quiz is totally grody to the max. Wait, is that a good thing?
Remove Ads.
Support Sporcle.
Get the best of Sporcle when you Go Orange. This ad-free experience offers more features, more stats, and more fun while also helping to support Sporcle. Thank you for becoming a member.

Show Comments

Extras

Top Quizzes Today


Score Distribution

Your Account Isn't Verified!

In order to create a playlist on Sporcle, you need to verify the email address you used during registration. Go to your Sporcle Settings to finish the process.

Report this User

Report this user for behavior that violates our Community Guidelines.

Details: